000 00803nam a2200277 a 4500
001 vtls001318044
003 NLI
005 20210627051820.0
008 120608s1955 ii 000 0 eng
039 9 _y201206081806
_zVLOAD
040 _aNLI
_beng
_cDatasoft_IMP_S
_eAACR2
041 0 _aeng
044 _a ii
084 _a176
100 1 _aOjha, Gopesh Kumar
_9760543
245 1 0 _aUniversal self Hindi tacher /
_cby Gopesh Kumar Ojha
260 _aDelhi :
_bUniversal Book and Stationery,
_c1955
300 _aiv, 265 p. ;
_c18 cm.
440 2 _aA standard handbook of self tuition in Hindhi
_9760544
650 0 _aSanskrit language
_xPhilology
650 0 _aSanskrit philology
887 _a
901 _aIMP311631
_b31.08.1956
902 _a176 B 329
999 _aVIRTUA40
_c638136
_d638136
942 _2ddc
_cBKS